000 00680nam a2200301Ia 4500
008 161027s9999||||xx |||||||||||||| ||und||
040 _cSanskrit
082 _aX.B
082 _bBORI-38356
100 _aShree Vadidev Suri
245 _aSyadvad Ratnakaraha
250 _b1
260 _aPune
260 _bMotilal Ladhaji
300 _a483
300 _b4
300 _cB
300 _ePaperback
530 _u00037926.pdf
563 _aText
600 _aShree Vadidev Suri
630 _aSyadvad Ratnakaraha
650 _aBuddhism & Jainism
650 _aJainism
700 _aShree Vadidev Suri
730 _aSyadvad Ratnakaraha
942 _cBOOK
999 _c1401683
_d1401680